| 000 | 00884cam a22002653a 4500 | ||
|---|---|---|---|
| 001 | 45960 | ||
| 003 | PGUSA | ||
| 005 | 20140828084055.0 | ||
| 008 | 140613s2014||||xxu|||||s|||||000 1 eng d | ||
| 040 |
_aPGUSA _beng |
||
| 042 | _adc | ||
| 050 | 4 | _aPR | |
| 100 | 1 |
_aJeans, T. T. _q(Thomas Tendron) |
|
| 245 | 1 | 2 |
_aA Naval Venture : _bThe War Story of an Armoured Cruiser _h[electronic resource] / _cT. T. Jeans |
| 260 |
_bProject Gutenberg, _c2014 |
||
| 506 | _aPublic domain in the USA. | ||
| 516 | _aElectronic text | ||
| 653 | _aGreat Britain. Royal Navy -- Fiction | ||
| 653 | _aWorld War, 1914-1918 -- Campaigns -- Turkey -- Gallipoli Peninsula -- Fiction | ||
| 653 | _aWorld War, 1914-1918 -- Naval operations -- Fiction | ||
| 700 | 1 |
_aGillett, Frank, _d1874-1927 |
|
| 830 | 0 |
_aProject Gutenberg _v45960 |
|
| 856 | 4 | 0 | _uhttp://www.gutenberg.org/ebooks/45960 |
| 942 | _cEB | ||
| 999 |
_c275209 _d275209 |
||